000 00667nam a2200253 a 4500
001 nice12345678
003 IN_TiNIC
005 20260116013358.0
008 050524s1979 bosa grp 000 0 eng
020 _a
_c552
082 0 0 _a291
_bGOL
100 _aGoldenberg, Naomi R
245 _aChanging of the Gods
_b Feminism and the End of Traditional Religions
260 _aBoston
_bBoston Press
_c1979
300 _a152p
500 _aincludes index and biblioraphy
505 2 _aStudent Workbook
650 _aComparative Religion
650 _aWomen and Religion
700 1 _aGoldenberg, Naomi R
902 _bSRS
942 _cBK
999 _c10769
_d10769